LEADER 01819nam 2200421 450 001 9910796269603321 005 20230807214819.0 010 $a2-335-04147-9 035 $a(CKB)3790000000023151 035 $a(EBL)2086304 035 $a(MiAaPQ)EBC2086304 035 $a(Au-PeEL)EBL2086304 035 $a(OCoLC)914153023 035 $a(EXLCZ)993790000000023151 100 $a20200120d2015 uy 0 101 0 $afre 135 $aur|n|---||||| 181 $ctxt$2rdacontent 182 $cc$2rdamedia 183 $acr$2rdacarrier 200 10$aCoup d'oeil sur les poisons et les sciences occultes $edepuis l'antiquite? jusqu'au XVIIIe sie?cle /$fE?mile Gilbert 210 1$a[Place of publication not identified] :$cLigaran,$d[2015] 210 4$dİ2015 215 $a1 online resource (43 p.) 300 $aDescription based upon print version of record. 327 $aCouverture; Page de Copyright; Page de titre; Premie?re pe?riode; Deuxie?me pe?riode - De Dioscoride au XVIe sie?cle; Troisie?me pe?riode - Du XVIe au XVIIIe sie?cle; Conclusion 330 $a Extrait : ""Orphe?e, me?decin et poe?te, est le premier auteur de l'antiquite? qui, sans la nommer, se soit occupe? de la science Toxicologique. En effet, dans son poe?me des Pierres, il parle des diffe?rents poisons tire?s des ve?ge?taux, et du re?gne animal ; et de quelques pierres pre?cieuses, que l'on conside?rait comme antidotes ; il ne nomme point l'arsenic."" 606 $aPoisons$xHistory 615 0$aPoisons$xHistory. 676 $a615.9009 700 $aGilbert$b E?mile$01546328 801 0$bMiAaPQ 801 1$bMiAaPQ 801 2$bMiAaPQ 906 $aBOOK 912 $a9910796269603321 996 $aCoup d'oeil sur les poisons et les sciences occultes$93801865 997 $aUNINA LEADER 01237nam 2200361 450 001 996575602903316 005 20230808204338.0 010 $a1-5090-1442-X 035 $a(CKB)4100000008867197 035 $a(WaSeSS)IndRDA00120338 035 $a(EXLCZ)994100000008867197 100 $a20200317d2016 uy 0 101 0 $aeng 135 $aur||||||||||| 181 $ctxt$2rdacontent 182 $cc$2rdamedia 183 $acr$2rdacarrier 200 10$aEMC $e2016 IEEE International Symposium on Electromagnetic Compatibility : 25-29 July 2016, Ottawa, ON, Canada /$fInstitute of Electrical and Electronics Engineers 210 1$aPiscataway, New Jersey :$cInstitute of Electrical and Electronics Engineers,$d2016. 215 $a1 online resource (937 pages) 311 $a1-5090-1443-8 606 $aElectromagnetic compatibility$vCongresses 606 $aElectromagnetic interference$vCongresses 615 0$aElectromagnetic compatibility 615 0$aElectromagnetic interference 676 $a621.38224 712 02$aInstitute of Electrical and Electronics Engineers, 801 0$bWaSeSS 801 1$bWaSeSS 906 $aPROCEEDING 912 $a996575602903316 996 $aEMC$91890538 997 $aUNISA